| 000 | 00836 a2200265 4500 | ||
|---|---|---|---|
| 999 |
_c200001151 _d28442 |
||
| 001 | 200001151 | ||
| 003 | TR-AnTOB | ||
| 005 | 20230821090929.0 | ||
| 008 | 100701s2009 ko 000 0 d | ||
| 020 | _a9781599664095 | ||
| 040 |
_aTR-AnTOB _beng _cTR-AnTOB _erda |
||
| 041 | _aeng | ||
| 050 | 1 | 4 |
_aPE _bSKI LIS2 COM JEO 2009 |
| 090 | _aPE SKI LIS2 COM JEO 2009 | ||
| 100 | 1 |
_aJeon, Byoung-man _969341 |
|
| 245 | 0 |
_aDynamic listening & Speaking 2 / _cByoung-man Jeon, Michael Pederson. |
|
| 264 | 1 |
_a[United States]: _bCompass Pub., _cc2009. |
|
| 300 |
_a126 p. : _bill. ; _c28 cm. + 1 Cd - Rom _e+ 1 CD-ROM. |
||
| 650 | 0 |
_aListening _967780 |
|
| 650 | 0 |
_aEnglish language _xSpoken English _967647 |
|
| 650 | 0 |
_aEnglish language _vTextbooks for foreign speakers _967636 |
|
| 700 |
_aPederson, Michael _969296 |
||
| 942 |
_cMX _2lcc |
||